000 00695nam a22002177a 4500
999 _c14331
_d14331
003 AR-CdUCM
008 190422b ||||| |||| 00| 0 spa d
040 _aMUNICIPALIDAD PROVINCIAL DEL CUSCO
_cBIBLIOTECA MUNICIPAL DEL CUSCO
082 _a869.56 /
_bT69 / 1945
100 _aTomat-guido, Francisco
_933069
245 _aAcercamiento del sueño /
260 _bDesiervi Hnos,
_c1945.
300 _a5 páginas ;
_c23 cm.
500 _aDonación a la familia Nieto.
505 _aContenido : Acercamiento del sueño -- Responso a la amarga soledad ...
650 _aPoemas
_9929
650 _aNaturaleza
_94241
650 _aSiglo XX
_98
942 _2ddc
_cLIBROS
945 _arah
_d22/04/2019